000 00561nam a2200193Ia 4500
005 20250508164340.0
008 008 250505s9999 xx 000 0 eng d
020 _a0-521-37993-8
037 _aTextual
040 _aFEDL
_beng
_cFEDL
041 _aeng
_2eng
084 _a428, ALG
_qFEDL
100 _aAlgeo John
245 0 _aBritish or American english : A handbook of word and grammar patterns
260 _aCambridge
_bCambridge University Press
_c2006
300 _axii,348p.
942 _cTEXL
_h428, ALG
999 _c1388662
_d1388662